| 000 | 01296nam a2200253Ia 4500 | ||
|---|---|---|---|
| 003 | Ost | ||
| 005 | 20260416102352.0 | ||
| 008 | 260416s9999||||xx |||||||||||||| ||und|| | ||
| 040 | _cfsecg | ||
| 041 | _aara | ||
| 082 | _a332 | ||
| 100 |
_aطاهري، الصديق _eمؤلف |
||
| 245 | 0 |
_aالإقتصاد النقدي وأسواق رأس المال / _c الصديق طاهري |
|
| 260 |
_aالجزائر _bجامعة الجزائر3: كلية العلوم الإقتصادية، العلوم التجارية وعلوم التسيير _c2017 |
||
| 300 |
_a85 ورقة _bايضاحات _c30 سم |
||
| 504 | _aمراجع ص.79 | ||
| 520 | _aنشأة تطور وفلسفة النقود، الكتلة النقدية ومقابلاتها، النظم النقدية، النظريات النقدية، البنوك التجارية وخلق النقود، البنوك المركزية وأدوات السياسة النقدية، الأسواق المالية | ||
| 653 | _aالاقتصاد المالي | ||
| 653 | _aالبنوك | ||
| 653 | _aالنظام النقدي | ||
| 653 | _aالنقود | ||
| 710 |
_aجامعة الجزائر3: كلية العلوم الإقتصادية، العلوم التجارية وعلوم التسيير _eناشر علمي |
||
| 942 | _cHANDOUT | ||
| 999 |
_c41067 _d41067 |
||